| 000 | 01210cam a2200265 a 4500 | ||
|---|---|---|---|
| 001 | 2141031 | ||
| 003 | OSt | ||
| 005 | 20210920145818.0 | ||
| 008 | 980112s1998 dcua b i000 0 eng | ||
| 020 | _a0821341871 | ||
| 040 |
_aDLC _cCO-JMCR _dDLC |
||
| 082 | 0 | 0 |
_a338.9 / _bB213p _223 |
| 100 | 1 |
_aIra W. Lieberman, _eauthor _940641 |
|
| 245 | 1 | 0 |
_aPrivatization and emerging equity markets / _cedited by Ira W. Lieberman and Christopher D. Kirkness |
| 260 |
_aWashington, D.C. : _aLondon : _bWorld Bank ; _c1998. |
||
| 300 |
_axi, 144 pages : _bblack and white illustrations and graphics ; _c28 cm. |
||
| 504 | _aIncludes bibliographical references. | ||
| 505 | 0 | _aPrivatization provides criitical mass to Kick-Star new stock maketas. -- Privatizationsupplies investment opportunities that deepen existingf stock markets. -- Privatization often receves a crucial coost telecommunications. -- Privatization generates new and broader types of investor participation | |
| 650 | 1 | 4 |
_aPrivatization. _940545 |
| 650 | 2 | 4 |
_aCapital investments. _940642 |
| 650 | 2 | 4 |
_aCapital market. _940643 |
| 700 | 1 |
_aLieberman, Ira W., _eeditor _940644 |
|
| 700 | 1 |
_aKirkness, Christopher D., _eeditor _940645 |
|
| 942 |
_2ddc _cBK |
||
| 999 |
_c12479 _d12479 |
||